000 00580nam a2200193 a 4500
001 8079
003 CO-ViMGA
008 141112s2004 ck r 000 u spa d
020 _a9684220022
040 _aCO-ViMGA
_bspa
_cCO-ViMGA
082 0 4 _a658.834 R437p
100 1 _aRies, Al; Trout, Jack
_97747
245 1 0 _aPosicionamiento :
_bEl concepto que ha revolucionado la comunicación publicitaria y la mercadotecnia
260 _aMexico,
_cMcGraw Hill,
_c2000
300 _a250.p.
650 1 4 _aMERCADEO Y PUBLICIDAD
_97748
650 1 4 _aPOSICIONAMIENTO
_97749
942 _2ddc
_cBK
999 _c19899
_d19899